[Event "Challenge"]
[Site "http://www.queenalice.com/game.php?id=185345"]
[Date "2007.3.21"]
[Round "-"]
[White "CHED"]
[Black "Bitencourt"]
[Result "1-0"]
[WhiteElo "1819"]
[BlackElo "1449"]

1. Nf3 Nf6 2. g3 d5 3. Bg2 Nc6 4. O-O e5 5. d3 Bd6 6. Nbd2 O-O 7. Re1 Bc5 8. h3
Re8 9. e4 h6 10. exd5 Nxd5 11. Nc4 Bd6 12. Nxd6 cxd6 13. Bd2 Be6 14. a3 Qd7 15.
Kh2 g5 16. Ng1 Nd4 17. c3 Nf5 18. Qf3 Kh7 19. Rad1 Rg8 20. Qe4 Nf6 21. Qe2 Kg6
22. Bc1 1-0

[Event "AUTO-INT-277"]
[Site "http://www.queenalice.com/game.php?id=187235"]
[Date "2007.3.24"]
[Round "2"]
[White "Kisei"]
[Black "CHED"]
[Result "1-0"]
[WhiteElo "2012"]
[BlackElo "1833"]

1. e4 c5 2. Nf3 Nc6 3. d4 cxd4 4. Nxd4 g6 5. Nc3 Bg7 6. Be3 e6 7. Qd2 Nge7 8.
O-O-O O-O 9. Nxc6 bxc6 10. Bd4 e5 11. Bc5 Bb7 12. Qxd7 1-0

[Event "AUTO-INT-277"]
[Site "http://www.queenalice.com/game.php?id=187236"]
[Date "2007.3.24"]
[Round "2"]
[White "CHED"]
[Black "Kisei"]
[Result "0-1"]
[WhiteElo "1796"]
[BlackElo "2303"]

1. Nf3 d5 2. g3 Nf6 3. Bg2 e6 4. O-O c5 5. d3 Bd6 6. Nbd2 Nc6 7. c4 O-O 8. cxd5
Nxd5 9. Nc4 Bc7 10. a3 b5 11. Ne3 Bb7 12. Bd2 Nb6 13. Rc1 Bd6 14. Qb3 a6 15.
Rfd1 Rc8 16. Qa2 Qe7 17. Rc2 Nd4 18. Nxd4 cxd4 19. Rxc8 Rxc8 20. Nf1 Bxg2 21.
Kxg2 Qb7+ 22. Kg1 h6 23. Qb3 Nd7 24. Rc1 Rxc1 25. Bxc1 Qc6 26. Qd1 Nb6 27. Nd2
e5 28. Ne4 Be7 0-1

[Event "AUTO-INT-277"]
[Site "http://www.queenalice.com/game.php?id=187239"]
[Date "2007.3.24"]
[Round "2"]
[White "CHED"]
[Black "pomar"]
[Result "0-1"]
[WhiteElo "1826"]
[BlackElo "1959"]

1. Nf3 e6 2. c4 d5 3. Nc3 a6 4. cxd5 exd5 5. g3 Nc6 6. Bg2 f5 7. d4 Nf6 8. O-O
h6 9. a3 Bd6 10. Qd3 Be6 11. Nh4 Qd7 12. b4 g5 13. Nf3 Ne4 14. e3 g4 15. Nd2 h5
16. b5 axb5 17. Nxb5 h4 18. Nxe4 fxe4 19. Nxd6+ Qxd6 20. Qb5 h3 21. Bh1 Ra7 22.
a4 Qb4 23. Rb1 Qxa4 24. Qxa4 Rxa4 25. Rxb7 Kd7 26. Rd1 Nb4 27. Bd2 Nd3 28. Kf1
Rf8 29. Be1 Ra2 30. Rxd3 exd3 0-1

[Event "AUTO-INT-277"]
[Site "http://www.queenalice.com/game.php?id=187240"]
[Date "2007.3.24"]
[Round "2"]
[White "pomar"]
[Black "CHED"]
[Result "1/2-1/2"]
[WhiteElo "1979"]
[BlackElo "1801"]

1. f3 Nf6 2. Kf2 e5 3. e3 d5 4. c4 Nc6 5. cxd5 Nxd5 6. Qb3 Bc5 7. Nc3 Nf4 8. Na4
Qe7 9. Bc4 Ne6 10. Bxe6 Bxe6 11. Qxb7 Kd7 12. Qb5 Bd6 13. g3 f5 14. Ne2 g5 15.
d4 Rab8 16. Qd3 exd4 17. Nxd4 Nb4 18. Qc3 h5 19. a3 Nd5 20. Qc6+ Kd8 21. Nxe6+
Qxe6 22. f4 g4 23. Rd1 Nf6 24. Nc5 Ne4+ 25. Nxe4 fxe4 26. b4 h4 27. Bb2 hxg3+
28. Kxg3 Rh3+ 29. Kg2 Ke7 30. Rac1 Rb6 31. Qc3 Qh6 32. Qg7+ Qxg7 33. Bxg7 Ke6
34. Bd4 Ra6 35. Rc3 Ra4 36. Rb1 a5 37. bxa5 Rxa5 38. Ra1 c5 39. Be5 Bxe5 40.
fxe5 Kxe5 41. Rb1 Kd5 42. Rb8 Rf3 43. Rg8 Rb5 44. Rxg4 Rb2+ 45. Kh1 Rf1+ 46. Rg1
Rff2 47. Rd1+ Kc6 48. Rdc1 Rxh2+ 49. Kg1 Rhg2+ 50. Kf1 Rgf2+ 51. Kg1 1/2-1/2

[Event "AUTO-ADV-331"]
[Site "http://www.queenalice.com/game.php?id=211262"]
[Date "2007.5.15"]
[Round "2"]
[White "mett"]
[Black "CHED"]
[Result "1-0"]
[WhiteElo "1850"]
[BlackElo "1808"]

1. e4 c5 2. Nf3 Nc6 3. d4 cxd4 4. Nxd4 Nf6 5. Nc3 g6 6. Be3 d6 7. Qd2 Ng4 8. Bb5
Bd7 9. O-O-O Nxe3 10. Qxe3 a6 11. Ba4 b5 12. Bb3 Ne5 13. Qe2 Bg7 14. h4 b4 15.
Nd5 a5 16. f4 Bg4 17. Nf3 Nxf3 18. gxf3 Bh5 19. Ba4+ Kf8 20. Rd3 Bh6 21. Kb1 Kg7
22. f5 Rf8 23. Rg1 f6 24. Qd1 1-0

[Event "AUTO-ADV-331"]
[Site "http://www.queenalice.com/game.php?id=211263"]
[Date "2007.5.15"]
[Round "2"]
[White "CHED"]
[Black "mett"]
[Result "0-1"]
[WhiteElo "1792"]
[BlackElo "1662"]

1. Nf3 Nf6 2. c4 c5 3. g3 Nc6 4. Bg2 g6 5. Nc3 Bg7 6. O-O O-O 7. Rb1 d6 8. d3 a6
9. Bd2 Rb8 10. a3 b5 11. b3 Bd7 12. cxb5 axb5 13. Qc2 b4 14. axb4 Nxb4 15. Qd1
Qc8 16. Ne1 Bh3 17. Nc2 Bxg2 18. Kxg2 Qc6+ 19. Kg1 Ng4 20. Ne4 d5 21. Nxb4 cxb4
22. Ng5 h6 23. Nf3 e5 24. h3 e4 0-1

[Event "AUTO-ADV-331"]
[Site "http://www.queenalice.com/game.php?id=211268"]
[Date "2007.5.15"]
[Round "2"]
[White "CHED"]
[Black "pomar"]
[Result "0-1"]
[WhiteElo "1794"]
[BlackElo "1981"]

1. Nf3 e6 2. c4 d5 3. b3 Nf6 4. cxd5 exd5 5. Bb2 c5 6. e3 Nc6 7. Nc3 Bd6 8. Be2
O-O 9. O-O a6 10. Rc1 b5 11. Re1 Bb7 12. d4 cxd4 13. Nxd4 Qb8 14. h3 Be5 15.
Ncxb5 Bh2+ 16. Kf1 Ne4 17. Nxc6 Bxc6 18. Nd4 Nxf2 19. Nxc6 Nxd1 20. Nxb8 Nxb2
21. Nd7 Rfc8 22. Nb6 Rxc1 23. Rxc1 Rd8 24. Rc2 Be5 25. Nxd5 f6 26. Ne7+ Kf8 27.
Nc6 Rc8 28. Ke1 a5 29. Kd2 Bd6 30. Nxa5 Bb4+ 31. Kc1 Rxc2+ 32. Kxc2 Na4 33. Nc6
Nc3 34. Nxb4 Nxe2 35. a4 Ke8 0-1

[Event "AUTO-ADV-331"]
[Site "http://www.queenalice.com/game.php?id=211269"]
[Date "2007.5.15"]
[Round "2"]
[White "pomar"]
[Black "CHED"]
[Result "1-0"]
[WhiteElo "1965"]
[BlackElo "1785"]

1. e4 c5 2. f4 Nc6 3. Nf3 d6 4. Bc4 e6 5. Nc3 Nf6 6. O-O Be7 7. d3 O-O 8. Be3 a6
9. a4 Ng4 10. Bd2 e5 11. fxe5 Ngxe5 12. Nxe5 Nxe5 13. Bb3 Bg4 14. Qe1 Bh4 15. g3
Bg5 16. Nd5 Bxd2 17. Qxd2 Nf3+ 18. Rxf3 Bxf3 19. Qf4 Bh5 20. g4 Bg6 21. Rf1 b5
22. a5 Ra7 23. g5 Kh8 24. h4 Bh5 25. Ne3 Rd7 26. Nf5 f6 27. Ng3 Be8 28. Qg4 Qe7
29. Be6 Rc7 30. Bf5 fxg5 31. hxg5 Qe5 32. g6 h6 33. c3 1-0

[Event "AUTO-ADV-331"]
[Site "http://www.queenalice.com/game.php?id=211270"]
[Date "2007.5.15"]
[Round "2"]
[White "CHED"]
[Black "braseiko"]
[Result "1-0"]
[WhiteElo "1776"]
[BlackElo "1867"]

1. Nf3 d5 2. g3 c6 3. Bg2 Nf6 4. O-O e6 5. d3 Bd6 6. Nbd2 O-O 7. c4 e5 8. b3 e4
9. dxe4 dxe4 10. Ng5 Bf5 11. Ngxe4 Nxe4 12. Nxe4 Bxe4 13. Bxe4 Be5 14. Rb1 Nd7
15. Ba3 Re8 16. Bg2 Nf6 17. Qc2 Qc7 18. Rbd1 Rad8 19. Rxd8 Rxd8 20. Rd1 Rxd1+
21. Qxd1 h6 22. Qd3 c5 23. Qd2 b6 24. e3 Nd7 25. f4 Bf6 26. e4 Bd4+ 27. Kf1 Nf6
28. Bf3 Qe7 29. e5 Ne8 30. Bc1 Nc7 31. Qd3 g6 32. Qe4 Ne6 33. Ke2 Ng7 34. Qc6 h5
35. Bd5 Ne6 36. h3 Nd8 37. Qxg6+ Kf8 38. Qxh5 Ne6 39. Qh8# 1-0

[Event "AUTO-ADV-331"]
[Site "http://www.queenalice.com/game.php?id=211271"]
[Date "2007.5.15"]
[Round "2"]
[White "braseiko"]
[Black "CHED"]
[Result "1-0"]
[WhiteElo "1848"]
[BlackElo "1816"]

1. e4 c5 2. Nf3 Nc6 3. d4 cxd4 4. Nxd4 Nf6 5. Nc3 g6 6. Bf4 d6 7. f3 Bg7 8. Bc4
Bd7 9. Qd2 O-O 10. O-O-O a6 11. g4 b5 12. Bb3 Na5 13. h4 1-0

[Event "AUTO-OPEN-1046"]
[Site "http://www.queenalice.com/game.php?id=367165"]
[Date "2008.3.7"]
[Round "1"]
[White "CHED"]
[Black "marvgiff"]
[Result "0-1"]
[WhiteElo "1653"]
[BlackElo "1659"]

1. c4 Nf6 2. Nc3 e5 3. g3 Nc6 4. Bg2 Bc5 5. e3 O-O 6. Nf3 d6 7. O-O Bg4 8. a3 e4
9. Nxe4 Nxe4 10. Qc2 Bxf3 11. Bxf3 Ng5 12. Bg2 Re8 0-1

[Event "AUTO-OPEN-1046"]
[Site "http://www.queenalice.com/game.php?id=367166"]
[Date "2008.3.7"]
[Round "1"]
[White "marvgiff"]
[Black "CHED"]
[Result "1-0"]
[WhiteElo "1675"]
[BlackElo "1637"]

1. d4 Nf6 2. Nc3 g6 3. e4 d6 4. Nf3 Bg7 5. Bc4 O-O 6. O-O Nbd7 7. Bg5 c5 8. e5
dxe5 9. dxe5 Ne8 10. Re1 Nc7 11. a4 Ne6 12. Nd5 Re8 13. Nxe7+ 1-0

[Event "AUTO-OPEN-1046"]
[Site "http://www.queenalice.com/game.php?id=367167"]
[Date "2008.3.7"]
[Round "1"]
[White "CHED"]
[Black "kelton"]
[Result "0-1"]
[WhiteElo "1670"]
[BlackElo "1647"]

1. Nf3 d5 2. g3 Nf6 3. Bg2 Nc6 4. O-O d4 5. d3 e5 6. Nbd2 Bg4 7. c4 Qd7 8. a3
O-O-O 9. b4 a6 10. b5 Bxf3 0-1

[Event "AUTO-OPEN-1046"]
[Site "http://www.queenalice.com/game.php?id=367168"]
[Date "2008.3.7"]
[Round "1"]
[White "kelton"]
[Black "CHED"]
[Result "1-0"]
[WhiteElo "1629"]
[BlackElo "1688"]

1. d4 Nf6 2. Nc3 g6 3. e4 d6 4. d5 Bg7 5. Nf3 Nbd7 6. Bg5 O-O 7. Qe2 Ng4 8. Qd2
Nde5 9. Be2 Nxf3+ 10. Bxf3 Ne5 11. O-O-O 1-0

[Event "AUTO-ADV-828"]
[Site "http://www.queenalice.com/game.php?id=367343"]
[Date "2008.3.8"]
[Round "1"]
[White "mauricio_sm"]
[Black "CHED"]
[Result "1-0"]
[WhiteElo "1734"]
[BlackElo "1717"]

1. e4 d6 2. d4 Nf6 3. Nc3 g6 4. f4 Bg7 5. Nge2 Bg4 6. h3 Bd7 7. e5 Ng8 8. Be3
Nh6 9. Qd2 Nf5 10. O-O-O b5 11. Ne4 1-0

[Event "AUTO-ADV-828"]
[Site "http://www.queenalice.com/game.php?id=367361"]
[Date "2008.3.8"]
[Round "1"]
[White "CHED"]
[Black "marvgiff"]
[Result "0-1"]
[WhiteElo "1623"]
[BlackElo "1689"]

1. Nf3 d5 2. g3 Nc6 3. Bg2 e5 4. d3 d4 5. O-O Bg4 6. Nbd2 Nf6 7. h3 Bh5 8. Nh2
Bg6 9. Ndf3 e4 10. Nh4 Bd6 11. Nxg6 fxg6 12. dxe4 Be5 0-1

[Event "AUTO-ADV-828"]
[Site "http://www.queenalice.com/game.php?id=367362"]
[Date "2008.3.8"]
[Round "1"]
[White "marvgiff"]
[Black "CHED"]
[Result "1-0"]
[WhiteElo "1702"]
[BlackElo "1610"]

1. d4 Nf6 2. Nc3 g6 3. e4 d6 4. Nf3 Bg7 5. Bc4 O-O 6. Qe2 Nc6 7. Bg5 a6 8. d5
Nb8 9. O-O Nbd7 10. Rad1 Ng4 11. h3 Nge5 12. Nxe5 Nxe5 13. Bb3 1-0